[Event "19th EUR-ch"]
[Site "Batumi GEO"]
[Date "2018.03.26"]
[Round "9.59"]
[White "Bogner, Sebastian"]
[Black "Mindlin, Alon"]
[Result "1-0"]
[WhiteElo "2588"]
[BlackElo "2442"]
[EventDate "2018.03.17"]
[PlyCount "85"]

1.d4 Nf6 2.c4 e6 3.Nc3 d5 4.cxd5 exd5 5.Bg5 Be7 6.e3 O-O 7.Bd3 Nbd7 8.Nge2
c6 9.Qc2 Re8 10.O-O Nf8 11.Rab1 a5 12.f3 g6 13.Bh4 Ne6 14.Rbd1 Ng7 15.e4 
Be6 16.h3 Nfh5 17.Bxe7 Qxe7 18.Qd2 Nf6 19.Rde1 Red8 20.g4 b5 21.e5 Nd7 22.
Ng3 Qh4 23.Kg2 f5 24.exf6 Qxf6 25.Nce2 Bf7 26.f4 Re8 27.f5 g5 28.Ng1 Rxe1 
29.Rxe1 Qxd4 30.Nf3 Qf4 31.Qxf4 gxf4 32.Ne2 Re8 33.Rc1 d4 34.Nxf4 Nf6 35.
Rxc6 Nd5 36.Kg3 Nxf4 37.Kxf4 Bd5 38.Rd6 Bxf3 39.Bxb5 Rb8 40.Bc4+ Kf8 41.
Kxf3 Rxb2 42.f6 Ne8 43.Rd8 1-0

[Event "19th EUR-ch"]
[Site "Batumi GEO"]
[Date "2018.03.26"]
[Round "9.60"]
[White "Paichadze, Luka"]
[Black "Nesterov, Arseniy"]
[Result "1/2-1/2"]
[WhiteElo "2581"]
[BlackElo "2388"]
[EventDate "2018.03.17"]
[PlyCount "116"]

1.e4 e5 2.Nc3 Nf6 3.g3 d5 4.exd5 Nxd5 5.Bg2 Nxc3 6.bxc3 Bc5 7.Nf3 Nc6 8.
O-O O-O 9.Re1 Bg4 10.h3 Bh5 11.g4 Bg6 12.Nxe5 Nxe5 13.d4 f5 14.g5 f4 15.
dxc5 Qxg5 16.Qd5+ Nf7 17.Rb1 Rab8 18.Rb4 Qxd5 19.Bxd5 c6 20.Bb3 a5 21.Rxf4
Rfe8 22.Rd1 Rbd8 23.Rxd8 Rxd8 24.Rd4 Kf8 25.Bf4 Ke7 26.Ra4 Ra8 27.h4 Nd8 
28.Bg5+ Ke8 29.h5 Bf5 30.Rf4 g6 31.hxg6 Bxg6 32.Rf3 Nf7 33.Re3+ Kf8 34.
Be7+ Kg7 35.a4 Nh6 36.Bg5 Re8 37.Rxe8 Bxe8 38.Bd8 Nf7 39.Bxa5 Ng5 40.Bc7 
Ne4 41.Be5+ Kg6 42.Bd4 Bf7 43.f4 Bxb3 44.cxb3 Kf5 45.b4 Kxf4 46.a5 Ng5 47.
b5 Ne6 48.b6 Nf8 49.Kf2 Nd7 50.Ke2 Nb8 51.Kd3 Na6 52.Be3+ Ke5 53.Bf2 h5 
54.Bg3+ Kd5 55.Bf2 Ke5 56.Bg3+ Kd5 57.Bf2 Ke5 58.Bg3+ Kd5 1/2-1/2

[Event "19th EUR-ch"]
[Site "Batumi GEO"]
[Date "2018.03.26"]
[Round "9.61"]
[White "Petrosian, Manuel"]
[Black "Mgeladze, Tamaz"]
[Result "1/2-1/2"]
[WhiteElo "2569"]
[BlackElo "2303"]
[EventDate "2018.03.17"]
[PlyCount "74"]

1.d4 Nf6 2.c4 g6 3.Nc3 Bg7 4.e4 d6 5.Nf3 O-O 6.Be2 e5 7.O-O Nc6 8.Be3 Ng4 
9.Bg5 f6 10.Bh4 Nh6 11.dxe5 dxe5 12.c5 Qxd1 13.Rfxd1 Bg4 14.Kf1 Bxf3 15.
Bxf3 Nd4 16.Be2 c6 17.Bc4+ Nf7 18.Ne2 Nxe2 19.Kxe2 Rfd8 20.f3 Kf8 21.Be1 
Rxd1 22.Rxd1 Rd8 23.Rb1 Ke7 24.b4 a6 25.a4 Rd4 26.Ba2 Nd8 27.Bc3 Rd7 28.b5
axb5 29.axb5 Bf8 30.bxc6 bxc6 31.Rb8 Ke8 32.f4 exf4 33.Bxf6 Bxc5 34.Be6 
Rd6 35.e5 Rxe6 36.Rxd8+ Kf7 37.Rh8 Bd4 1/2-1/2

[Event "19th EUR-ch"]
[Site "Batumi GEO"]
[Date "2018.03.26"]
[Round "9.62"]
[White "Sargsian, Shant"]
[Black "Ter-Sahakian, Samvel"]
[Result "1-0"]
[WhiteElo "2481"]
[BlackElo "2553"]
[EventDate "2018.03.17"]
[PlyCount "87"]

1.d4 d5 2.c4 c6 3.Nf3 Nf6 4.Nc3 a6 5.c5 Bf5 6.Bf4 Nbd7 7.h3 e6 8.e3 Be7 9.
Be2 O-O 10.O-O Ne4 11.Rc1 Re8 12.Bh2 h6 13.b4 Bf6 14.Nxe4 Bxe4 15.Nd2 Bh7 
16.Nb3 e5 17.a4 Nf8 18.b5 axb5 19.axb5 exd4 20.bxc6 bxc6 21.Nxd4 Bxd4 22.
Qxd4 Ra2 23.Bg4 Ne6 24.Bxe6 Rxe6 25.Ra1 Rxa1 26.Rxa1 Be4 27.f3 Bg6 28.Be5 
f6 29.Bd6 Qd7 30.Qg4 Kh7 31.Ra8 h5 32.Qd4 Re8 33.Ra6 Qb7 34.Rb6 Qd7 35.Kh2
Ra8 36.Qb2 Ra7 37.Rb8 Bd3 38.Qb6 Ra6 39.Qb3 Qf5 40.e4 Bxe4 41.fxe4 Qxe4 
42.Rb4 Qf5 43.Rf4 Qg6 44.Rxf6 1-0

[Event "19th EUR-ch"]
[Site "Batumi GEO"]
[Date "2018.03.26"]
[Round "9.64"]
[White "Shevchenko, Kirill"]
[Black "Blohberger, Felix"]
[Result "1-0"]
[WhiteElo "2545"]
[BlackElo "2409"]
[EventDate "2018.03.17"]
[PlyCount "105"]

1.e4 e6 2.d4 d5 3.Nd2 c5 4.Ngf3 cxd4 5.Nxd4 Nf6 6.exd5 Nxd5 7.Bd3 Nd7 8.
O-O Nc5 9.N2f3 Nxd3 10.Qxd3 Be7 11.c4 Nf6 12.Bf4 O-O 13.Rad1 Qb6 14.a3 a5 
15.Nb5 Bd7 16.Bc7 Qa6 17.a4 Bxb5 18.axb5 Qa7 19.Ra1 a4 20.b6 Qa5 21.Nd4 
Qb4 22.Nb5 Bc5 23.Qc3 Qb3 24.Qxb3 axb3 25.Ra7 Ne4 26.Rfa1 Rac8 27.Rxb7 
Bxf2+ 28.Kf1 Bxb6 29.Rxb6 Nd2+ 30.Ke2 Nxc4 31.Rb7 Nxb2 32.Nd6 Ra8 33.Rxa8 
Rxa8 34.Rxb3 Na4 35.Ra3 h6 36.Nb5 f6 37.Ke3 Ra6 38.Kd4 Kf7 39.Bd6 Kg6 40.
Bf8 Kf7 41.Bb4 e5+ 42.Ke3 Kg6 43.Nd6 Ra8 44.Ne4 Ra6 45.Kf2 Ra8 46.Nc3 Nb6 
47.Rxa8 Nxa8 48.Ba5 Kf5 49.Ke3 h5 50.Ne4 Ke6 51.Kd3 g5 52.Bd8 g4 53.Nxf6 
1-0

[Event "19th EUR-ch"]
[Site "Batumi GEO"]
[Date "2018.03.26"]
[Round "9.65"]
[White "Pijpers, Arthur"]
[Black "Nevednichy, Vladislav"]
[Result "1/2-1/2"]
[WhiteElo "2453"]
[BlackElo "2542"]
[EventDate "2018.03.17"]
[PlyCount "67"]

1.e4 e6 2.d4 d5 3.Nc3 Nf6 4.e5 Nfd7 5.f4 c5 6.Nf3 Be7 7.Be3 b6 8.Qd2 O-O 
9.Nd1 Nc6 10.c3 Bb7 11.Bd3 cxd4 12.cxd4 f5 13.h4 Bb4 14.Nc3 Na5 15.g4 Nc4 
16.Qe2 Rc8 17.Rc1 Nc5 18.dxc5 Nxe3 19.Nd4 Nxg4 20.Nxe6 Qe7 21.Nxf8 Rxf8 
22.Bxf5 Nh6 23.Bb1 Rxf4 24.Rf1 Qxh4+ 25.Kd1 Rxf1+ 26.Qxf1 Ng4 27.Qf3 Bxc5 
28.e6 Ne5 29.Qf5 Qh2 30.Bd3 g6 31.Qf6 Nxd3 32.Qf7+ Kh8 33.Qf6+ Kg8 34.Qf7+
1/2-1/2

[Event "19th EUR-ch"]
[Site "Batumi GEO"]
[Date "2018.03.26"]
[Round "9.66"]
[White "Oboladze, Luka"]
[Black "Stupak, Kirill"]
[Result "0-1"]
[WhiteElo "2318"]
[BlackElo "2541"]
[EventDate "2018.03.17"]
[PlyCount "114"]

1.d4 Nf6 2.Nf3 g6 3.c4 Bg7 4.Nc3 O-O 5.e4 d6 6.Be2 a6 7.O-O c6 8.a4 a5 9.
h3 Qc7 10.Be3 Nfd7 11.d5 Na6 12.Nd4 Ndc5 13.f4 e5 14.dxe6 fxe6 15.Nb3 e5 
16.Nxc5 Nxc5 17.Qc2 exf4 18.Bxf4 Be6 19.Rad1 Be5 20.Bxe5 dxe5 21.Qd2 Kg7 
22.Qg5 h6 23.Qg3 Rf4 24.Qe3 Rxf1+ 25.Bxf1 Qb6 26.Rd6 Bf7 27.Kh2 Qb4 28.Na2
Qb6 29.Nc3 Nxa4 30.Qxb6 Nxb6 31.c5 Nc4 32.Bxc4 Bxc4 33.Rd7+ Bf7 34.Rxb7 a4
35.Rc7 Ra6 36.Nd1 Kf6 37.Ne3 h5 38.Nc2 Be8 39.Rc8 Bd7 40.Rc7 Ke6 41.Rb7 
Ra5 42.Na3 Rxc5 43.Ra7 Kd6 44.Rxa4 Be6 45.Ra6 Rc1 46.b4 Bc8 47.Nb5+ Ke7 
48.Ra7+ Bd7 49.Nc7 Kd6 50.Na8 Re1 51.Nb6 Be6 52.Ra6 Rb1 53.Ra4 Kc7 54.Na8+
Kb7 55.Ra5 Bc4 56.Rxe5 Kxa8 57.Rc5 Bb5 0-1

[Event "19th EUR-ch"]
[Site "Batumi GEO"]
[Date "2018.03.26"]
[Round "9.67"]
[White "Kovalenko, Igor"]
[Black "Manafov, Vugar"]
[Result "1-0"]
[WhiteElo "2642"]
[BlackElo "2263"]
[EventDate "2018.03.17"]
[PlyCount "94"]

1.e4 Nf6 2.e5 Nd5 3.d4 d6 4.Nf3 h6 5.h3 Nb6 6.Nc3 e6 7.Bd3 Be7 8.O-O d5 9.
Ne2 c5 10.dxc5 Bxc5 11.Ng3 g6 12.Qe2 Nc6 13.c3 Qc7 14.Re1 f5 15.exf6 Qxg3 
16.b4 Qxf2+ 17.Qxf2 Bxf2+ 18.Kxf2 Kf7 19.b5 Na5 20.Ne5+ Kxf6 21.Be3 Rg8 
22.Bd4 Ke7 23.Bc5+ Kd8 24.Nf7+ Kc7 25.Nxh6 Rh8 26.Nf7 Rg8 27.Bd6+ Kd7 28.
Bb4 Nac4 29.Re2 Kc7 30.a4 Bd7 31.Ng5 Rae8 32.a5 Nc8 33.Rae1 e5 34.Bxc4 
dxc4 35.Rxe5 Rxe5 36.Rxe5 Kb8 37.g4 Re8 38.Rd5 Kc7 39.Nf3 Be6 40.Rc5+ Kd8 
41.Rg5 Rh8 42.Kg3 Bd7 43.Ne5 Be8 44.Nxc4 Kd7 45.Rd5+ Ke6 46.Rd8 Ne7 47.Nd6
Kd5 1-0

[Event "19th EUR-ch"]
[Site "Batumi GEO"]
[Date "2018.03.26"]
[Round "9.68"]
[White "Pechac, Jergus"]
[Black "Jobava, Baadur"]
[Result "0-1"]
[WhiteElo "2440"]
[BlackElo "2685"]
[EventDate "2018.03.17"]
[PlyCount "52"]

1.Nf3 d5 2.g3 c6 3.Bg2 Bg4 4.h3 Bxf3 5.Bxf3 e6 6.O-O Nd7 7.d3 h5 8.e4 dxe4
9.dxe4 h4 10.g4 Ne7 11.a4 Ng6 12.Bg2 e5 13.Nd2 Nc5 14.Nc4 Ne6 15.Be3 Qc7 
16.Qd2 Rd8 17.Qc3 Bc5 18.Bxc5 Nxc5 19.Qe3 Rd4 20.b3 Nf4 21.c3 Rxc4 22.bxc4
Qa5 23.Rfd1 O-O 24.Rd6 g5 25.Bf1 Kg7 26.Be2 Qxc3 0-1

[Event "19th EUR-ch"]
[Site "Batumi GEO"]
[Date "2018.03.26"]
[Round "9.69"]
[White "Alexandrov, Alexei"]
[Black "Perunovic, Miodrag"]
[Result "0-1"]
[WhiteElo "2630"]
[BlackElo "2429"]
[EventDate "2018.03.17"]
[PlyCount "108"]

1.d4 Nf6 2.c4 e6 3.Nc3 Bb4 4.e3 O-O 5.Bd3 c5 6.Nf3 d5 7.O-O Nc6 8.cxd5 
exd5 9.dxc5 Bxc5 10.b3 a6 11.Bb2 Bg4 12.Rc1 Qd6 13.Be2 Rad8 14.h3 Bf5 15.
Bd3 Bc8 16.Ne2 Ne4 17.Ned4 Rfe8 18.Nxc6 bxc6 19.Qc2 Qh6 20.Bxe4 dxe4 21.
Ne5 Bd6 22.Rfd1 Bxh3 23.gxh3 Qg5+ 24.Ng4 h5 25.Qe2 Re6 26.Kh1 Qh4 27.Nh2 
Qxh3 28.Rxd6 Rexd6 29.Bd4 Rg6 30.Qf1 Qf5 31.f4 h4 32.b4 h3 33.Qxa6 Qh5 34.
Qf1 Ra8 35.Rc2 Ra3 36.Rd2 Rg3 37.Qe1 Rg2 38.Qd1 Qg6 39.f5 Rxd2 40.Qxd2 
Qxf5 41.Qe2 Qe6 42.Qh5 Rxa2 43.Qg5 f6 44.Qf4 Rg2 45.Nf1 g5 46.Qb8+ Kh7 47.
Qf8 Qf5 48.Nh2 g4 49.Qf7+ Kh6 50.Qf8+ Kg5 51.Qg7+ Kh4 52.Bxf6+ Kg3 53.Be5+
Kf2 54.Nxg4+ Rxg4 0-1

[Event "19th EUR-ch"]
[Site "Batumi GEO"]
[Date "2018.03.26"]
[Round "9.70"]
[White "Solak, Dragan"]
[Black "Haria, Ravi"]
[Result "1/2-1/2"]
[WhiteElo "2629"]
[BlackElo "2424"]
[EventDate "2018.03.17"]
[PlyCount "66"]

1.e4 e6 2.d4 d5 3.Nd2 h6 4.Ngf3 Nf6 5.e5 Nfd7 6.Bd3 c5 7.c3 Nc6 8.O-O g5 
9.dxc5 Bxc5 10.Nb3 Bf8 11.Bb5 a6 12.Bxc6 bxc6 13.Nfd4 Nxe5 14.f4 gxf4 15.
Bxf4 Ng6 16.Nxc6 Qb6+ 17.Nbd4 Bg7 18.Qh5 Bd7 19.Ne5 O-O-O 20.Bg3 Nxe5 21.
Bxe5 Rhg8 22.Bxg7 Rxg7 23.Qxh6 Rdg8 24.Rf2 Rxg2+ 25.Rxg2 Rxg2+ 26.Kxg2 
Qxb2+ 27.Ne2 Qxa1 28.Qf8+ Kc7 29.Qc5+ Kb7 30.Qb4+ Kc8 31.Qf8+ Kc7 32.Qc5+ 
Kb7 33.Qb4+ Kc8 1/2-1/2

[Event "19th EUR-ch"]
[Site "Batumi GEO"]
[Date "2018.03.26"]
[Round "9.71"]
[White "Draskovic, Luka"]
[Black "Vocaturo, Daniele"]
[Result "0-1"]
[WhiteElo "2447"]
[BlackElo "2620"]
[EventDate "2018.03.17"]
[PlyCount "107"]

1.c4 e5 2.Nc3 Nc6 3.Nf3 f5 4.d4 e4 5.Ng5 Bb4 6.Nh3 Nf6 7.e3 Bxc3+ 8.bxc3 
d6 9.Nf4 b6 10.c5 dxc5 11.Bb5 Bd7 12.Qa4 Na5 13.Ne6 Bxb5 14.Qxb5+ c6 15.
Qa4 Qd7 16.Nxc5 Qd5 17.Nb3 Nc4 18.Nd2 b5 19.Qb3 O-O 20.Ba3 Rf7 21.Rb1 Nxa3
22.Qxa3 f4 23.O-O f3 24.Qc5 Qxc5 25.dxc5 Rd8 26.Nb3 Rd5 27.Rfd1 fxg2 28.
Rxd5 Nxd5 29.Rc1 Nf6 30.h3 Nd7 31.Rd1 Ne5 32.Rd8+ Rf8 33.Rxf8+ Kxf8 34.
Kxg2 Nd3 35.Nd4 Nxc5 36.Nxc6 a6 37.Kg3 Na4 38.Nb4 Nxc3 39.a3 a5 40.Nc6 a4 
41.Kf4 Ke8 42.Ke5 Kd7 43.Nd4 Kc7 44.Nc2 Nd1 45.Kxe4 Nxf2+ 46.Kd5 Nxh3 47.
Kc5 Ng5 48.Nd4 h5 49.Nf5 Ne4+ 50.Kd4 b4 51.Kxe4 bxa3 52.Nd4 a2 53.Nc2 h4 
54.Kd4 0-1

[Event "19th EUR-ch"]
[Site "Batumi GEO"]
[Date "2018.03.26"]
[Round "9.72"]
[White "Schnider, Gert"]
[Black "Pantsulaia, Levan"]
[Result "0-1"]
[WhiteElo "2414"]
[BlackElo "2593"]
[EventDate "2018.03.17"]
[PlyCount "84"]

1.e4 c5 2.Nf3 a6 3.c4 e6 4.d4 cxd4 5.Nxd4 Nf6 6.Nc3 Bb4 7.Qd3 O-O 8.e5 Ne8
9.Nc2 Be7 10.Bf4 Nc6 11.Be2 d6 12.exd6 Nxd6 13.Bxd6 Bxd6 14.O-O-O Bc7 15.
Qxd8 Rxd8 16.Rxd8+ Nxd8 17.Rd1 Kf8 18.Bf3 Ke8 19.Ne4 Ke7 20.g3 Rb8 21.Ne3 
b6 22.Nc3 Be5 23.Kc2 Bd7 24.Be4 g6 25.f4 Bg7 26.Ne2 Nb7 27.Nd4 Nd6 28.Bf3 
Rc8 29.Kb3 h5 30.Rd2 Bf6 31.Bg2 h4 32.g4 g5 33.f5 Be5 34.fxe6 fxe6 35.Nf3 
Bf4 36.Re2 Bxe3 37.Rxe3 Rxc4 38.a3 Ba4+ 39.Ka2 Rxg4 40.Bh3 Re4 41.Rc3 g4 
42.Ng5 Re5 0-1

[Event "19th EUR-ch"]
[Site "Batumi GEO"]
[Date "2018.03.26"]
[Round "9.73"]
[White "Wagner, Dennis"]
[Black "Janik, Igor"]
[Result "1/2-1/2"]
[WhiteElo "2566"]
[BlackElo "2422"]
[EventDate "2018.03.17"]
[PlyCount "40"]

1.d4 d5 2.c4 c6 3.Nf3 Nf6 4.Nc3 a6 5.e3 b5 6.b3 Bf5 7.Ne5 e6 8.g4 Bg6 9.h4
dxc4 10.h5 Bd3 11.Nxd3 cxd3 12.Bxd3 Nbd7 13.Bb2 h6 14.Qf3 Rc8 15.O-O-O Qa5
16.Kb1 Ba3 17.Ba1 Nd5 18.Nxd5 cxd5 19.Qe2 Nb6 20.Bb2 O-O 1/2-1/2

[Event "19th EUR-ch"]
[Site "Batumi GEO"]
[Date "2018.03.26"]
[Round "9.74"]
[White "Santos Latasa, Jaime"]
[Black "Berchtenbreiter, Maximilian"]
[Result "1-0"]
[WhiteElo "2549"]
[BlackElo "2414"]
[EventDate "2018.03.17"]
[PlyCount "57"]

1.e4 e5 2.Nf3 Nf6 3.Nxe5 d6 4.Nf3 Nxe4 5.Nc3 Nxc3 6.dxc3 Be7 7.Be3 Nc6 8.
Bd3 Ne5 9.Nxe5 dxe5 10.Qe2 Be6 11.O-O-O Bd6 12.Qf3 c6 13.Ba6 Bc8 14.Qg3 
Qf6 15.Bg5 Qg6 16.Qxe5+ Be6 17.Qxd6 Qxg5+ 18.f4 Qe7 19.Qxe7+ Kxe7 20.Bxb7 
Rab8 21.Bxc6 Bxa2 22.Rhe1+ Kf6 23.b3 Rb6 24.Rd6+ Kf5 25.g3 Kg4 26.Bd7+ f5 
27.Rxb6 axb6 28.Kb2 Rd8 29.Re7 1-0

[Event "19th EUR-ch"]
[Site "Batumi GEO"]
[Date "2018.03.26"]
[Round "9.75"]
[White "Can, Isik"]
[Black "Meskovs, Nikita"]
[Result "0-1"]
[WhiteElo "2413"]
[BlackElo "2536"]
[EventDate "2018.03.17"]
[PlyCount "64"]

1.e4 e5 2.Nf3 Nc6 3.Bb5 a6 4.Bxc6 dxc6 5.O-O Bd6 6.d4 exd4 7.Qxd4 f6 8.Be3
Ne7 9.Nbd2 Be6 10.Qc3 Qd7 11.Nc4 Bxc4 12.Qxc4 Ng6 13.a4 O-O-O 14.b4 Rhe8 
15.Rfb1 Qe6 16.Qf1 Qxe4 17.b5 a5 18.Nd2 Qd5 19.bxc6 Qxc6 20.Rb5 Bb4 21.Nc4
Nh4 22.c3 Re4 23.Nb6+ Kb8 24.cxb4 Rg4 25.f3 Rxg2+ 26.Kh1 Qd6 27.Bg1 cxb6 
28.Rxb6 Qd5 29.Ra3 Rc8 30.bxa5 Rxg1+ 31.Qxg1 Nxf3 32.Qg3+ Ne5+ 0-1

[Event "19th EUR-ch"]
[Site "Batumi GEO"]
[Date "2018.03.26"]
[Round "9.76"]
[White "Mirzoev, Emil"]
[Black "Triapishko, Alexandr"]
[Result "1/2-1/2"]
[WhiteElo "2405"]
[BlackElo "2530"]
[EventDate "2018.03.17"]
[PlyCount "69"]

1.d4 Nf6 2.c4 g6 3.Nc3 Bg7 4.e4 d6 5.Nf3 O-O 6.Be2 e5 7.d5 a5 8.Bg5 Na6 9.
Nd2 h6 10.Be3 Nd7 11.O-O f5 12.f3 f4 13.Bf2 c5 14.dxc6 bxc6 15.Nb3 Ndc5 
16.Qd2 Nxb3 17.axb3 Nc5 18.Ra3 Rb8 19.Bd1 Ne6 20.Ne2 c5 21.Qxa5 Qd7 22.Nc3
Nd4 23.Na2 Qb7 24.Qd2 Be6 25.Nc1 g5 26.Bxd4 cxd4 27.Nd3 Bf6 28.Be2 g4 29.
Rfa1 Kh8 30.Kh1 Rf7 31.c5 gxf3 32.Bxf3 Bxb3 33.Ra6 Bc4 34.Rb6 Qc8 35.Bg4 
1/2-1/2

[Event "19th EUR-ch"]
[Site "Batumi GEO"]
[Date "2018.03.26"]
[Round "9.77"]
[White "Bosman, Michiel"]
[Black "Baron, Tal"]
[Result "0-1"]
[WhiteElo "2398"]
[BlackElo "2529"]
[EventDate "2018.03.17"]
[PlyCount "64"]

1.d4 Nf6 2.c4 g6 3.Nc3 Bg7 4.e4 d6 5.Be2 O-O 6.Be3 c5 7.d5 e6 8.Nf3 exd5 
9.cxd5 Bg4 10.Nd2 Bxe2 11.Qxe2 Qe7 12.O-O Ne8 13.f3 Nd7 14.a4 f5 15.Rab1 
Nc7 16.Rfe1 Kh8 17.Bf2 Rae8 18.Nc4 Ne5 19.Nb5 Nxb5 20.axb5 fxe4 21.Nxe5 
Bxe5 22.Qxe4 Bxh2+ 23.Kxh2 Qxe4 24.Rxe4 Rxe4 25.fxe4 Rxf2 26.Ra1 Rxb2 27.
Rxa7 Rxb5 28.e5 c4 29.e6 Kg7 30.Ra8 Kf6 31.Rf8+ Ke7 32.Rf7+ Ke8 0-1

[Event "19th EUR-ch"]
[Site "Batumi GEO"]
[Date "2018.03.26"]
[Round "9.78"]
[White "Repka, Christopher"]
[Black "Danielian, Elina"]
[Result "1-0"]
[WhiteElo "2524"]
[BlackElo "2413"]
[EventDate "2018.03.17"]
[PlyCount "77"]

1.Nf3 Nf6 2.g3 d5 3.Bg2 c6 4.O-O Bg4 5.h3 Bh5 6.d3 Nbd7 7.c4 e6 8.cxd5 
exd5 9.Nc3 Bc5 10.Qb3 Bb6 11.Na4 O-O 12.Nxb6 axb6 13.Nd4 c5 14.Nf3 Bxf3 
15.Bxf3 Ne5 16.Bg2 h6 17.Bd2 Re8 18.Rfe1 Nc6 19.a3 d4 20.Qb5 Re6 21.b4 
cxb4 22.Bxb4 Re5 23.Qc4 b5 24.Qb3 Nxb4 25.Qxb4 Ra4 26.Qb2 Qe7 27.Bf3 h5 
28.Rec1 g5 29.Qc2 Kg7 30.Qc8 Rxa3 31.Rxa3 Qxa3 32.Rc7 b6 33.Qb7 Qa2 34.
Qxb6 Qa1+ 35.Kh2 g4 36.Qd6 Re8 37.Bd5 Rf8 38.Rc6 Nxd5 39.Qh6+ 1-0

[Event "19th EUR-ch"]
[Site "Batumi GEO"]
[Date "2018.03.26"]
[Round "9.79"]
[White "Kriebel, Tadeas"]
[Black "Bagaturov, Giorgi"]
[Result "1-0"]
[WhiteElo "2520"]
[BlackElo "2410"]
[EventDate "2018.03.17"]
[PlyCount "57"]

1.c4 Nf6 2.g3 e6 3.Bg2 d5 4.Nf3 d4 5.O-O c5 6.d3 Nc6 7.e4 e5 8.Nbd2 Be7 9.
Kh1 O-O 10.Ng1 Bd7 11.Bh3 Ne8 12.f4 exf4 13.gxf4 f5 14.Ndf3 fxe4 15.dxe4 
Nd6 16.Qe2 Re8 17.Bd2 Bf8 18.e5 Nf5 19.Qd3 Nce7 20.Rae1 g6 21.Bg2 Bh6 22.
Nh3 Ng7 23.Nf2 Ne6 24.Ng4 Bg7 25.Nf6+ Bxf6 26.exf6 Nf5 27.Ne5 Rf8 28.Nxd7 
Qxd7 29.Rxe6 1-0

[Event "19th EUR-ch"]
[Site "Batumi GEO"]
[Date "2018.03.26"]
[Round "9.80"]
[White "Rzayev, Bahruz"]
[Black "Fernandez, Daniel Howard"]
[Result "1-0"]
[WhiteElo "2390"]
[BlackElo "2505"]
[EventDate "2018.03.17"]
[PlyCount "90"]

1.c4 g6 2.g3 Bg7 3.Bg2 e6 4.Nc3 Ne7 5.d4 d5 6.Bg5 c6 7.e4 dxe4 8.Nxe4 f5 
9.d5 cxd5 10.cxd5 h6 11.Bxe7 Qxe7 12.Nc3 O-O 13.Nge2 Rd8 14.Qb3 Na6 15.O-O
Kh7 16.dxe6 Rd6 17.Nf4 Bxe6 18.Rfe1 Re8 19.Bd5 Nc5 20.Qc4 Bxd5 21.Rxe7 
Bxc4 22.Rxe8 Rd2 23.Re7 Rxb2 24.Rd1 Rb6 25.h4 h5 26.Na4 Re6 27.Nxe6 Nxe6 
28.Rxb7 Bxa2 29.Rxa7 f4 30.gxf4 Bb3 31.Rdd7 Bxa4 32.Rxa4 Nc5 33.Rxg7+ Kxg7
34.Ra5 Nb3 35.Rd5 Kf6 36.Kg2 Ke6 37.Rg5 Kf6 38.f5 gxf5 39.Rxh5 Nd4 40.Rh6+
Ke5 41.Ra6 Ne2 42.Kf3 Nd4+ 43.Ke3 Nc2+ 44.Kd2 Nd4 45.h5 Kd5 1-0

[Event "19th EUR-ch"]
[Site "Batumi GEO"]
[Date "2018.03.26"]
[Round "9.81"]
[White "Konaplev, Anton"]
[Black "Zanan, Evgeny"]
[Result "0-1"]
[WhiteElo "2337"]
[BlackElo "2493"]
[EventDate "2018.03.17"]
[PlyCount "110"]

1.d4 Nf6 2.c4 g6 3.Nc3 Bg7 4.e4 d6 5.Be2 O-O 6.Be3 c5 7.d5 e6 8.Nf3 exd5 
9.cxd5 Bg4 10.Nd2 Bxe2 11.Qxe2 Re8 12.O-O Na6 13.f3 Nc7 14.Qd3 Nd7 15.a4 
Ne5 16.Qe2 f5 17.Rad1 a6 18.a5 Nb5 19.Nxb5 axb5 20.Qxb5 Qxa5 21.Qxa5 Rxa5 
22.h3 b5 23.f4 Nd7 24.e5 Ra4 25.e6 Nb6 26.Nb3 Re4 27.Bf2 Na4 28.Na5 Nxb2 
29.Rb1 Ra4 30.Nb7 Ra6 31.Rfe1 Nd3 32.Rxb5 Nxe1 33.Bxe1 Ra1 34.Kf2 Ra6 35.
Na5 Bf6 36.Kf3 Rc8 37.Nc4 Be7 38.Rb7 Re8 39.Ba5 Kf8 40.Bc7 Rc8 41.g4 Rca8 
42.Bb8 Ra2 43.gxf5 gxf5 44.Rb3 R2a4 45.Nxd6 Rb4 46.Rxb4 cxb4 47.Bc7 Ra7 
48.Bb8 b3 49.Nc4 b2 50.Nxb2 Ra3+ 51.Ke2 Ra2 52.Be5 Ba3 53.Kd3 Bxb2 54.Bxb2
Rxb2 55.Kd4 Re2 0-1

[Event "19th EUR-ch"]
[Site "Batumi GEO"]
[Date "2018.03.26"]
[Round "9.82"]
[White "Goryachkina, Aleksandra"]
[Black "Schekachikhin, Maksim"]
[Result "1/2-1/2"]
[WhiteElo "2491"]
[BlackElo "2406"]
[EventDate "2018.03.17"]
[PlyCount "69"]

1.d4 d5 2.c4 e6 3.Nf3 c6 4.Nbd2 f5 5.g3 Nf6 6.Bg2 Bd6 7.O-O O-O 8.Qc2 Nbd7
9.b3 Qe7 10.c5 Bc7 11.Bb2 a5 12.Rac1 Ne4 13.Ne1 Nxd2 14.Qxd2 e5 15.dxe5 
Nxe5 16.Qd4 a4 17.Qe3 axb3 18.axb3 Re8 19.Nc2 Qf8 20.Bd4 Ng6 21.Qd2 f4 22.
Ra1 Bg4 23.Rxa8 Rxa8 24.Ra1 Rxa1+ 25.Nxa1 Qa8 26.Qb2 Qa5 27.b4 Qa4 28.f3 
fxg3 29.hxg3 Qd1+ 30.Kf2 Bf5 31.Bxg7 Bxg3+ 32.Kxg3 Qe1+ 33.Kh2 Qh4+ 34.Kg1
Qe1+ 35.Kh2 1/2-1/2

[Event "19th EUR-ch"]
[Site "Batumi GEO"]
[Date "2018.03.26"]
[Round "9.83"]
[White "Kacharava, Nikolozi"]
[Black "Bellaiche, Anthony"]
[Result "1/2-1/2"]
[WhiteElo "2362"]
[BlackElo "2485"]
[EventDate "2018.03.17"]
[PlyCount "64"]

1.e4 c5 2.Nf3 e6 3.d4 cxd4 4.Nxd4 Nc6 5.Nc3 Qc7 6.Be3 a6 7.Qf3 Ne5 8.Qg3 
b5 9.O-O-O Nf6 10.f4 Neg4 11.Bg1 h5 12.e5 b4 13.Na4 Nd5 14.h3 Nh6 15.Bd3 
Bb7 16.f5 Be7 17.Be4 O-O 18.Qf3 Rac8 19.Kb1 Nxf5 20.Nxf5 exf5 21.Qxf5 g6 
22.Qf3 Bc6 23.Nc5 Bxc5 24.Bxc5 Nc3+ 25.bxc3 Bxe4 26.Qxe4 Qxc5 27.cxb4 Rb8 
28.a3 a5 29.Rd6 axb4 30.Rxg6+ fxg6 31.Qxg6+ Kh8 32.Qh6+ Kg8 1/2-1/2

[Event "19th EUR-ch"]
[Site "Batumi GEO"]
[Date "2018.03.26"]
[Round "9.84"]
[White "Pavlov, Sergey"]
[Black "Kalashian, David"]
[Result "1-0"]
[WhiteElo "2485"]
[BlackElo "2399"]
[EventDate "2018.03.17"]
[PlyCount "114"]

1.d4 Nf6 2.Nf3 e6 3.e3 b6 4.Bd3 Bb7 5.O-O c5 6.c4 cxd4 7.exd4 d6 8.Nc3 Be7
9.d5 e5 10.Nh4 g6 11.f4 e4 12.Bc2 Nbd7 13.g3 Qc7 14.Qd4 Rc8 15.b3 O-O 16.
Bb2 Qc5 17.Rad1 Qxd4+ 18.Rxd4 Nc5 19.Re1 a6 20.b4 Ncd7 21.Bb3 b5 22.cxb5 
Bd8 23.Rdd1 a5 24.Nxe4 Nxe4 25.Rxe4 axb4 26.Rxb4 Nc5 27.Bc2 Re8 28.Kf1 Nd7
29.Re4 Rxe4 30.Bxe4 Nf6 31.Bd3 Nxd5 32.Ng2 Ra8 33.Bc4 Nb6 34.Bb3 Na4 35.
Bd4 Bf3 36.Rd3 Be4 37.Re3 Bxg2+ 38.Kxg2 Bb6 39.Bxb6 Nxb6 40.Re7 d5 41.Rb7 
Nc4 42.Rc7 Ra5 43.a4 Nb6 44.Rc6 Nxa4 45.Ra6 Rxb5 46.Bxa4 Rb2+ 47.Kh3 Kf8 
48.Ra8+ Ke7 49.Ra7+ Ke6 50.Bd7+ Kd6 51.Be8 d4 52.Rd7+ Kc5 53.Bxf7 Rd2 54.
Bg8 h6 55.Bh7 g5 56.fxg5 hxg5 57.Rg7 Kd5 1-0

[Event "19th EUR-ch"]
[Site "Batumi GEO"]
[Date "2018.03.26"]
[Round "9.85"]
[White "Stefanova, Antoaneta"]
[Black "Muradli, Mahammad"]
[Result "1/2-1/2"]
[WhiteElo "2481"]
[BlackElo "2398"]
[EventDate "2018.03.17"]
[PlyCount "230"]

1.d4 d6 2.Nf3 Nf6 3.g3 g6 4.Bg2 Bg7 5.O-O O-O 6.c4 c5 7.Nc3 Nc6 8.dxc5 
dxc5 9.Be3 b6 10.Qc1 Bb7 11.Rd1 Qc8 12.Bh6 Rd8 13.Nd5 Qf5 14.Bxg7 Kxg7 15.
Qc3 Rab8 16.a3 Kg8 17.Nxe7+ Nxe7 18.Rxd8+ Rxd8 19.Nh4 Qe6 20.Bxb7 Rd4 21.
Nf3 Rxc4 22.Qd3 Ra4 23.Rd1 Kg7 24.Ng5 Qc4 25.Qe3 Qc2 26.Rd2 Qc1+ 27.Kg2 
Nf5 28.Ne6+ fxe6 29.Rd7+ Nxd7 30.Qxc1 Rd4 31.e3 Rd6 32.e4 Nh6 33.Qg5 Nf7 
34.Qe7 Ne5 35.Bc8 Nc6 36.Qc7 Kf8 37.f4 Rd2+ 38.Kh3 Nd4 39.Qb8 Kg7 40.g4 
Rd3+ 41.Kg2 Rd2+ 42.Kg3 Rxb2 43.f5 Rb3+ 44.Kg2 Rb2+ 45.Kf1 Rb1+ 46.Kf2 
Rb2+ 47.Ke3 Rb3+ 48.Kd2 c4 49.Qc7 Rd3+ 50.Ke1 exf5 51.exf5 gxf5 52.gxf5 c3
53.Be6 Nxe6 54.fxe6 Re3+ 55.Kd1 Rxe6 56.Qxa7 Kf6 57.Qc7 Rd6+ 58.Kc2 h6 59.
Qxc3+ Ke6 60.Qg7 Ke7 61.Kc3 Rc6+ 62.Kb4 Re6 63.Kb5 Rd6 64.Ka6 Re6 65.Kb7 
Rd6 66.Kc7 Re6 67.h4 Ke8 68.Qg4 Rc6+ 69.Kb7 Nd8+ 70.Ka6 Re6 71.a4 Kd7 72.
Qg7+ Kc8 73.Kb5 Rd6 74.Ka6 Re6 75.h5 Rc6 76.Kb5 Rd6 77.Qe7 Re6 78.Qh7 Rd6 
79.Ka6 Re6 80.Qf5 Kc7 81.Qf4+ Kc8 82.Ka7 Rc6 83.Qe5 Re6 84.Qb8+ Kd7 85.Qf4
Kc8 86.Ka6 Rc6 87.Qf5+ Re6 88.Qd5 Kc7 89.Qc4+ Rc6 90.Qf4+ Kc8 91.Kb5 Re6 
92.Kc4 Kd7 93.Kd5 Rc6 94.Qf5+ Kc7 95.Qh7+ Kc8 96.Qa7 Rc5+ 97.Ke4 Rc4+ 98.
Kf5 Rc5+ 99.Kg4 Rc4+ 100.Kf3 Rc3+ 101.Ke4 Rc4+ 102.Kd3 Rd4+ 103.Ke3 Rd6 
104.Qa6+ Kc7 105.Qc4+ Rc6 106.Qf4+ Kd7 107.Qb8 Re6+ 108.Kf4 Rf6+ 109.Kg4 
Nf7 110.Qb7+ Ke8 111.Qe4+ Kf8 112.Qd4 Kg7 113.Qc3 Ng5 114.Qc7+ Nf7 115.Qc3
Ng5 1/2-1/2

[Event "19th EUR-ch"]
[Site "Batumi GEO"]
[Date "2018.03.26"]
[Round "9.86"]
[White "Danielyan, Vahe"]
[Black "Sadikhov, Ulvi"]
[Result "0-1"]
[WhiteElo "2331"]
[BlackElo "2477"]
[EventDate "2018.03.17"]
[PlyCount "74"]

1.Nf3 c5 2.e4 a6 3.Nc3 e6 4.d4 cxd4 5.Nxd4 Qc7 6.Qf3 Nc6 7.Be3 Nf6 8.Nxc6 
bxc6 9.g4 d5 10.g5 Nd7 11.O-O-O Bb4 12.Qg3 Bd6 13.f4 Rb8 14.e5 Bb4 15.Bd3 
Nc5 16.h4 Qa5 17.Bxc5 Bxc5 18.Bxh7 Rxh7 19.g6 Rh6 20.gxf7+ Kxf7 21.Rhg1 
Bf8 22.f5 Rb7 23.f6 gxf6 24.exf6 Qb4 25.Rdf1 Qxb2+ 26.Kd2 Qb4 27.Qe5 d4 
28.Rg7+ Ke8 29.Rxb7 dxc3+ 30.Ke2 Qc4+ 31.Ke1 Qxh4+ 32.Kd1 Bxb7 33.Qb8+ Kf7
34.Qxb7+ Kg8 35.f7+ Kh7 36.Qxa6 Qd4+ 37.Kc1 Rh2 0-1